LEADER 00961nam a2200265 i 4500 001 991003026059707536 005 20021022144915.0 008 960610s1947 it ||| | ita 035 $ab11744042-39ule_inst 035 $aLE021FD224783$9ExL 040 $aDip. SSSC$bita 100 1 $aCroce, Benedetto$d<1866-1952>$09641 245 12$aI teatri di Napoli :$bdal Rinascimento alla fine del secolo decimottavo /$cBenedetto Croce 250 $a4. ed. riveduta e accresciuta 260 $aBari :$bLaterza,$c1947 300 $aVIII, 348 p. ;$c22 cm. 650 4$aNapoli$xTeatri Sec. 16-18 650 4$aTeatri 650 4$aVita teatrale 907 $a.b11744042$b05-10-16$c24-10-02 912 $a991003026059707536 945 $aLE021FD TI18A14a$g1$iLE021FD-229610$lle023$nFondo D'Amico$o-$pE0.00$q-$rn$so $t0$u0$v0$w0$x0$y.i11983917$z24-10-02 996 $aTeatri di Napoli$9476821 997 $aUNISALENTO 998 $ale021$b10-06-96$cm$da $e-$fita$git $h2$i1